000 00265nam a2200097Ia 4500
005 20250424112856.0
008 250424s9999 xx 000 0 und d
300 _aviii, 52 p. :ill. ; 29 cm.
650 _aMicrobiological Phenomena Biotechnology--trends
942 _cSR
999 _c37648
_d37648